| 000 | 00438pab a2200169 454500 | ||
|---|---|---|---|
| 008 | 180718b1966 xxu||||| |||| 00| 0 eng d | ||
| 100 | _aPanandiker, V.A. Pai | ||
| 245 | _aStaffing system in the central government | ||
| 260 | _c1966 | ||
| 300 | _ap.195-216. | ||
| 362 | _aApr-Jun | ||
| 650 | _aCentral government | ||
| 650 | _aCivil service | ||
| 773 | _aIndian Journal of Public Administration | ||
| 908 | _aN | ||
| 909 | _a100227 | ||
| 999 |
_c100226 _d100226 |
||